[Event "ICS rated blitz match"]
[Site "207.99.83.227"]
[Date "1999.03.23"]
[Round "?"]
[White "Hossa"]
[Black "damokles"]
[Result "1-0"]
[WhiteElo "2420"]
[BlackElo "2231"]
[PlyCount "85"]

1. e4 e6 2. d4 d5 3. Nc3 Nf6 4. e5 Nfd7 5. Nf3 c5 6. dxc5 Nc6 7. Bb5 Bxc5 8.
O-O a6 9. Bxc6 bxc6 10. Bg5 Qb6 11. Na4 Qa7 12. Nxc5 Qxc5 13. Be3 Qb5 14. b3
O-O 15. Nd4 Qb7 16. Qh5 c5 17. Nf3 d4 18. Bg5 Nb6 19. Qg4 Kh8 20. Rad1 Nd5 21.
Bd2 Qe7 22. Ng5 f5 23. exf6 Qxf6 24. Ne4 Qg6 25. Qxg6 hxg6 26. Nxc5 e5 27. Rde1
Re8 28. f4 e4 29. Rxe4 Bf5 30. Rxd4 Nf6 31. c4 Rad8 32. Rxd8 Rxd8 33. Bc3 Ne4
34. Nxe4 Bxe4 35. Re1 Bc6 36. Re6 Ba8 37. Rxa6 Bb7 38. Rxg6 Rd1+ 39. Kf2 Rd3
40. Rxg7 Rxc3 41. Rxb7 Rc2+ 42. Kf3 Rxa2 43. h4 {damokles resigns} 1-0

[Event "ICS rated blitz match"]
[Site "207.99.83.227"]
[Date "1999.03.23"]
[Round "?"]
[White "Panthee"]
[Black "Hossa"]
[Result "0-1"]
[WhiteElo "2200"]
[BlackElo "2428"]
[PlyCount "66"]

1. e4 d6 2. d4 Nf6 3. f3 Nbd7 4. Be3 e5 5. d5 Be7 6. Qd2 c6 7. c4 cxd5 8. cxd5
O-O 9. Nc3 b6 10. Bd3 Nc5 11. Bc2 Ba6 12. Nge2 Bc4 13. b4 Na6 14. a3 Rc8 15.
Rc1 Nc7 16. O-O Kh8 17. Kh1 Rg8 18. g4 Qf8 19. Ng3 Bxf1 20. Rxf1 Qe8 21. Nce2
Nd7 22. Rg1 Nb5 23. Nf5 Nxa3 24. Bd3 Nc4 25. Bxc4 Rxc4 26. Neg3 Qf8 27. Qg2
Rxb4 28. Qh3 Rb3 29. Qh5 g6 30. Qh3 gxf5 31. Nxf5 Rg6 32. Bh6 Qe8 33. Qh5 33...
Rxf3 {Panthee resigns} 0-1

[Event "ICS rated blitz match"]
[Site "207.99.83.227"]
[Date "1999.03.23"]
[Round "?"]
[White "Hossa"]
[Black "Panthee"]
[Result "1-0"]
[WhiteElo "2435"]
[BlackElo "2193"]
[PlyCount "33"]

1. e4 c5 2. Bc4 e6 3. Nc3 a6 4. a4 b6 5. Nf3 Bb7 6. O-O d6 7. d4 cxd4 8. Nxd4
Nd7 9. Qe2 Rc8 10. Bxa6 Bxa6 11. Qxa6 Ngf6 12. Qb5 Rxc3 13. bxc3 Nxe4 14. Qc6
Nef6 15. Nb5 Be7 16. Nc7+ Kf8 17. Be3 {Panthee resigns} 1-0

[Event "ICS rated blitz match"]
[Site "207.99.83.227"]
[Date "1999.03.23"]
[Round "?"]
[White "Panthee"]
[Black "Hossa"]
[Result "0-1"]
[WhiteElo "2187"]
[BlackElo "2441"]
[PlyCount "38"]

1. e4 e5 2. Nf3 Nc6 3. Bb5 a6 4. Ba4 Nf6 5. O-O Be7 6. Re1 b5 7. Bb3 O-O 8. c3
d6 9. h3 Na5 10. Bc2 Bb7 11. d3 Nc6 12. Nbd2 Qd7 13. Nf1 Rae8 14. Ng3 d5 15.
exd5 Qxd5 16. Nf5 Bd8 17. d4 exd4 18. N3xd4 Nxd4 19. Nxd4 19... Qxg2# {
Panthee checkmated} 0-1

[Event "ICS rated blitz match"]
[Site "207.99.83.227"]
[Date "1999.03.23"]
[Round "?"]
[White "Hossa"]
[Black "Panthee"]
[Result "1-0"]
[WhiteElo "2447"]
[BlackElo "2181"]
[PlyCount "43"]

1. e4 c5 2. Bc4 e6 3. Nc3 Nc6 4. Nf3 Nf6 5. O-O d6 6. d4 cxd4 7. Nxd4 Be7 8.
Nxc6 bxc6 9. Qf3 Qc7 10. Qg3 O-O 11. Bh6 Ne8 12. Rad1 c5 13. Bf4 a6 14. e5 d5
15. Nxd5 exd5 16. Bxd5 Bb7 17. e6 Qb6 18. exf7+ Kh8 19. fxe8=Q Raxe8 20. Bc7
Qa7 21. Bc4 Bf6 22. Bd6 {Panthee resigns} 1-0

[Event "ICS rated blitz match"]
[Site "207.99.83.227"]
[Date "1999.03.23"]
[Round "?"]
[White "Hossa"]
[Black "DeNiro"]
[Result "1/2-1/2"]
[WhiteElo "2453"]
[BlackElo "2398"]
[PlyCount "117"]

1. e4 e6 2. d4 d5 3. Nc3 Bb4 4. exd5 exd5 5. Bd3 Nc6 6. Nge2 Nge7 7. O-O O-O 8.
Bf4 Bf5 9. Bxf5 Nxf5 10. Nb5 Bd6 11. Nxd6 Nxd6 12. Re1 Re8 13. a3 Qf6 14. Bxd6
Qxd6 15. b4 Ne7 16. Nc3 c6 17. Qg4 Ng6 18. Rad1 Qf4 19. Qxf4 Nxf4 20. a4 Kf8
21. h4 f6 22. g3 Ne6 23. f4 Nc7 24. Kg2 Kf7 25. f5 Rxe1 26. Rxe1 Re8 27. Rf1
Re3 28. Nd1 Ra3 29. a5 Ra2 30. Rf2 Ne8 31. g4 Nd6 32. c3 Ra1 33. Ne3 Ne4 34.
Rc2 Ra3 35. Nd1 Ke7 36. h5 Kd6 37. Kf1 b6 38. axb6 axb6 39. Ke2 c5 40. dxc5+
bxc5 41. bxc5+ Kxc5 42. Kd3 Ra4 43. Ne3 Nd6 44. Rb2 Ra7 45. Rb8 Re7 46. c4
dxc4+ 47. Nxc4 Nxc4 48. Rc8+ Kd5 49. Rxc4 Re3+ 50. Kxe3 Kxc4 51. Ke4 Kc5 52.
Kf3 Kd5 53. Kf4 Kd4 54. Kf3 Kd3 55. Kf4 Kd4 56. Kf3 Ke5 57. Ke3 Kd5 58. Kd3 Ke5
59. Ke3 {Game drawn by mutual agreement} 1/2-1/2

[Event "ICS rated blitz match"]
[Site "207.99.83.227"]
[Date "1999.03.23"]
[Round "?"]
[White "Hossa"]
[Black "rajah"]
[Result "0-1"]
[WhiteElo "2484"]
[BlackElo "2531"]
[Annotator "Crafty v16.6"]
[PlyCount "113"]

{annotating for player Hossa using a scoring margin of +0.10 pawns. search
time limit is 12.00} 1. e4 1... e6 2. d4 d5 3. Nc3 Bb4 4. exd5 exd5 5. Bd3 Nc6
6. Nge2 ({8:-0.09} 6. Nge2 6... Nge7 7. O-O O-O 8. Bg5 Re8 9. Re1 9... Bg4 $10)
({8:+0.05} 6. Nf3 6... Nge7 7. O-O O-O 8. Re1 Be6 9. Bg5 9... Re8 $10) 6...
Nge7 7. O-O Bf5 8. Bxf5 Nxf5 9. Qd3 Bxc3 10. Nxc3 Nfxd4 11. Be3 Ne6 12. Nxd5
O-O 13. Rfe1 Ne7 14. Rad1 ({8:+0.28} 14. Rad1 14... Nxd5 15. Qxd5 Qxd5 16. Rxd5
Rad8 17. Red1 f5 18. Rxd8 Rxd8 19. Rxd8+ 19... Nxd8 $10) ({8:+0.40} 14. Nxe7+
14... Qxe7 15. Qe4 c5 16. Rad1 Rad8 17. Qf5 Rfe8 18. Rxd8 Nxd8 19. Qd5 $14)
14... Nxd5 15. Qxd5 Qxd5 16. Rxd5 Rad8 17. Red1 Rxd5 18. Rxd5 g6 19. Bxa7 b6
20. Rb5 Ra8 21. Bxb6 Rxa2 22. h4 cxb6 23. Rxb6 Ra1+ 24. Kh2 Rc1 25. c3 Rc2 26.
h5 gxh5 27. Kg3 Nc5 28. Rb5 Ne4+ 29. Kh4 Rxf2 30. Kh3 Rc2 31. Kh2 Kg7 32. Re5
f5 33. Rb5 Kf6 34. Rb7 Kg5 35. Rb8 Nf2 36. Rg8+ Kh6 37. Rb8 Nd1 38. b4 Ne3 39.
Rg8 f4 40. Kg1 Rxc3 41. Rf8 Rc1+ 42. Kf2 Rc2+ 43. Kf3 Nxg2 44. Rb8 h4 45. Rb5
h3 46. Kg4 Ne3+ 47. Kxh3 f3 48. Rb6+ Kg5 49. Rb5+ Kf4 50. Rb7 f2 51. Rf7+ Ke5
52. Kg3 f1=Q 53. Rxf1 Nxf1+ 54. Kf3 Rb2 55. b5 Kd4 56. b6 h5 57. b7 0-1

[Event "ICS rated blitz match"]
[Site "207.99.83.227"]
[Date "1999.03.23"]
[Round "?"]
[White "Hossa"]
[Black "rajah"]
[Result "1-0"]
[WhiteElo "2470"]
[BlackElo "2554"]
[PlyCount "119"]

1. e4 e6 2. d4 d5 3. Nc3 dxe4 4. Nxe4 Bd7 5. Nf3 Bc6 6. Bd3 Nd7 7. O-O Ngf6 8.
Bg5 Be7 9. Ned2 O-O 10. Re1 Ng4 11. Bxe7 Qxe7 12. c4 Qb4 13. Qc2 Kh8 14. a3 Qb6
15. c5 Nxc5 16. dxc5 Qa5 17. b4 Qa4 18. Bxh7 g6 19. Bxg6 fxg6 20. Qxg6 Bxf3 21.
Nxf3 Nf6 22. Ng5 Qd7 23. Re3 Qg7 24. Qxg7+ Kxg7 25. Nxe6+ Kh8 26. Nxf8 Rxf8 27.
Re7 Rc8 28. f3 Nd5 29. Rd7 Nf6 30. Rf7 Nd5 31. g3 Kg8 32. Rf5 Ne7 33. Re5 Nc6
34. Rg5+ Kf8 35. Rd1 a5 36. b5 Rd8 37. Rf5+ Kg8 38. Rxd8+ Nxd8 39. Rd5 Ne6 40.
c6 bxc6 41. bxc6 Kf8 42. Rd7 Ke8 43. f4 Kf8 44. f5 Ng7 45. g4 Ne8 46. g5 Ng7
47. g6 Ne8 48. Rd8 Ke7 49. Rxe8+ Kxe8 50. f6 Kf8 51. h4 a4 52. Kf2 Kg8 53. h5
Kf8 54. h6 Kg8 55. h7+ Kh8 56. f7 Kg7 57. h8=Q+ Kxg6 58. f8=Q Kg5 59. Qhg7+ Kh4
60. Qfh8# {rajah checkmated} 1-0

[Event "ICS rated blitz match"]
[Site "207.99.83.227"]
[Date "1999.03.23"]
[Round "?"]
[White "Loxnessi"]
[Black "Hossa"]
[Result "1/2-1/2"]
[WhiteElo "2263"]
[BlackElo "2490"]
[PlyCount "133"]

1. e4 c5 2. c3 e5 3. Bc4 Nf6 4. Qb3 Qe7 5. d3 Nc6 6. Nf3 Na5 7. Qa4 Nxc4 8.
Qxc4 d6 9. O-O Be6 10. Qb5+ Qd7 11. Qxd7+ Bxd7 12. Re1 Be7 13. Bg5 O-O 14. Nbd2
Be6 15. d4 exd4 16. cxd4 Rae8 17. e5 dxe5 18. dxe5 Nd7 19. Bxe7 Rxe7 20. Ne4
Bg4 21. Ned2 Rfe8 22. h3 Bxf3 23. Nxf3 b6 24. Rad1 h6 25. Rd5 f6 26. e6 Nf8 27.
Nh4 Rxe6 28. Rxe6 Rxe6 29. Kf1 g6 30. Rd8 Kf7 31. Ra8 a5 32. Nf3 Re4 33. Nd2
Rb4 34. b3 a4 35. Ke2 f5 36. Kd3 Ne6 37. Kc3 Nd4 38. Rxa4 Nb5+ 39. Kc2 Rxa4 40.
bxa4 Nd6 41. Kc3 Ke6 42. Nc4 Nxc4 43. Kxc4 Kd7 44. a5 Kc6 45. axb6 Kxb6 46. Kd5
Kb5 47. a4+ Kxa4 48. Kxc5 Kb3 49. Kd5 Kc3 50. Ke5 Kd3 51. Kf6 f4 52. Kxg6 Ke2
53. g4 Kxf2 54. Kxh6 Kg3 55. g5 Kxh3 56. g6 Kh2 57. g7 f3 58. g8=Q f2 59. Qf7
Kg3 60. Qg6+ Kh3 61. Qh5+ Kg2 62. Qg4+ Kh2 63. Qh4+ Kg2 64. Qg4+ Kh2 65. Qf3
Kg1 66. Qg3+ Kh1 67. Qxf2 {Hossa stalemated} 1/2-1/2

[Event "ICS rated blitz match"]
[Site "207.99.83.227"]
[Date "1999.03.23"]
[Round "?"]
[White "Hossa"]
[Black "ClearBlue"]
[Result "1-0"]
[WhiteElo "2481"]
[BlackElo "2185"]
[PlyCount "35"]

1. e4 d6 2. d4 g6 3. Nf3 Bg7 4. Bc4 c6 5. O-O b5 6. Bd3 Nf6 7. e5 Nd5 8. exd6
Qxd6 9. a4 bxa4 10. Rxa4 O-O 11. Nbd2 Qc7 12. Qe1 h6 13. Nc4 Bg4 14. Nfe5 Be6
15. Nxg6 Re8 16. Nge5 Nd7 17. Qe4 N7f6 18. Qh4 {ClearBlue resigns} 1-0

[Event "ICS rated blitz match"]
[Site "207.99.83.227"]
[Date "1999.03.23"]
[Round "?"]
[White "rajah"]
[Black "Hossa"]
[Result "1/2-1/2"]
[WhiteElo "2534"]
[BlackElo "2486"]
[PlyCount "158"]

1. e4 d6 2. d4 Nf6 3. Nc3 Nbd7 4. f4 e6 5. Nf3 Be7 6. Bd3 O-O 7. O-O b6 8. e5
Ne8 9. Be3 c5 10. dxc5 Nxc5 11. Bxc5 bxc5 12. Qe2 d5 13. Qf2 Rb8 14. b3 Qa5 15.
Ne2 Nc7 16. Ng5 Bxg5 17. fxg5 Ba6 18. Bxa6 Nxa6 19. c3 Rb6 20. Qe3 Nb8 21. Kh1
Nc6 22. Rfe1 Ra6 23. Qg3 d4 24. Rad1 Rd8 25. Nc1 Qxc3 26. Qxc3 dxc3 27. Rxd8+
Nxd8 28. Re3 Nc6 29. Rxc3 Nxe5 30. Rxc5 Nc6 31. Nd3 Ne7 32. a4 Rd6 33. Nf2 Rd2
34. Rc7 Rxf2 35. Kg1 Rb2 36. Rxe7 g6 37. Rxa7 Rxb3 38. a5 Rb5 39. a6 Rxg5 40.
Rd7 Kg7 41. a7 Ra5 42. g4 h5 43. h3 hxg4 44. hxg4 Ra2 45. g5 e5 46. Kf1 e4 47.
Ke1 Ra4 48. Kd2 Ra3 49. Ke2 e3 50. Rb7 Ra5 51. Kxe3 Ra3+ 52. Ke2 Ra2+ 53. Kd1
Ra1+ 54. Kc2 Ra6 55. Kb3 Ra1 56. Rc7 Ra5 57. Rd7 Ra1 58. Kc2 Ra4 59. Kd1 Ra6
60. Kd2 Ra5 61. Kd3 Ra6 62. Kd4 Ra5 63. Ke4 Ra3 64. Rc7 Ra4+ 65. Ke3 Ra3+ 66.
Ke2 Ra1 67. Rd7 Ra3 68. Kf2 Ra6 69. Kf3 Ra3+ 70. Kg4 Ra4+ 71. Kg3 Ra3+ 72. Kg2
Ra5 73. Kh2 Ra2+ 74. Kh3 Ra3+ 75. Kh4 Ra4+ 76. Kh3 Ra3+ 77. Kh2 Ra2+ 78. Kg1
Ra1+ 79. Kh2 79... Ra2+ {Game drawn by repetition} 1/2-1/2

[Event "ICS rated blitz match"]
[Site "207.99.83.227"]
[Date "1999.03.23"]
[Round "?"]
[White "Hossa"]
[Black "rajah"]
[Result "0-1"]
[WhiteElo "2488"]
[BlackElo "2532"]
[Annotator "Crafty v16.6"]
[PlyCount "150"]

{annotating for player Hossa using a scoring margin of +0.10 pawns. search
time limit is 12.00} 1. e4 1... Nc6 2. Nf3 e5 3. Bb5 a6 4. Bxc6 dxc6 5. d3 Bc5
6. Be3 Bxe3 7. fxe3 Nh6 8. Nbd2 O-O 9. Nc4 f6 10. O-O ({10:-0.92} 10. O-O 10...
Be6 11. b3 Ng4 12. Qe2 b5 13. Na5 Qd6 14. a4 14... b4 $17) ({10:+0.23} 10. Qe2
10... Be6 11. d4 Qe7 12. O-O-O Qb4 13. d5 Bf7 14. Kb1 14... Rad8 $10) 10... Be6
11. Na5 b6 12. Nb3 Qd6 13. Nfd2 ({8:-0.78} 13. Nfd2 13... a5 14. Nc4 Bxc4 15.
dxc4 a4 16. Qxd6 cxd6 17. Nd2 17... Kf7 $17) ({8:-0.54} 13. d4 13... Bc4 14.
dxe5 fxe5 15. Qxd6 cxd6 16. Rfd1 Nf7 17. Rac1 17... Rad8 $15) 13... a5 14. Qe2
a4 15. Nc1 a3 16. bxa3 Rxa3 17. c4 Rd8 18. Ndb3 b5 19. c5 Qe7 20. Rb1 b4 21.
Qd2 Ra4 22. Qc2 Ra6 23. Nd2 Rb8 24. Nc4 Qxc5 25. Nb3 Qa7 26. Rb2 Ra8 27. Ra1
Rd8 28. Nbd2 Ng4 29. Re1 c5 30. Rf1 Ra3 31. Nb3 Nxe3 32. Nxe3 c4 33. dxc4 Qxe3+
34. Kh1 Qc3 35. Nd2 Qxc2 36. Rxc2 Rda8 37. Ra1 b3 38. Nxb3 Rxb3 39. Re1 Rba3
40. Ree2 Rd3 41. h4 c5 42. Kh2 Rd4 43. Re3 Bxc4 44. a3 Ra4 45. h5 h6 46. Rcc3
Bf7 47. Rxc5 Bxh5 48. Rc7 Rxe4 49. Rxe4 Rxe4 50. Ra7 Re2 51. Kg3 Bg6 52. Kf3
Rc2 53. a4 e4+ 54. Kg3 e3 55. Re7 e2 56. a5 Kf8 57. Re6 Kf7 58. Rxe2 Rxe2 59.
Kf3 Ra2 60. g3 Rxa5 61. Kf2 Ra2+ 62. Ke3 Bh5 63. Kd4 g5 64. Ke3 Rg2 65. g4 Bxg4
66. Kd4 f5 67. Kc4 f4 68. Kd4 f3 69. Ke5 f2 70. Kd4 f1=Q 71. Kd5 Qf3+ 72. Ke5
Qf6+ 73. Kd5 Qf1 74. Ke5 Rd2 75. Ke4 Qf4# 0-1

[Event "ICS rated blitz match"]
[Site "207.99.83.227"]
[Date "1999.03.24"]
[Round "?"]
[White "Hossa"]
[Black "sombra"]
[Result "1/2-1/2"]
[WhiteElo "2474"]
[BlackElo "2339"]
[PlyCount "111"]

1. e4 d6 2. d4 Nf6 3. Nc3 c6 4. Be2 Qa5 5. Bd2 Qb6 6. Nf3 Bg4 7. Na4 Qc7 8. Bd3
e5 9. dxe5 dxe5 10. h3 Bh5 11. g4 Bg6 12. Qe2 Be7 13. g5 Nh5 14. Nh4 Nd7 15.
Nxg6 hxg6 16. O-O-O Nf4 17. Bxf4 exf4 18. h4 Ne5 19. Qf1 O-O-O 20. Be2 Rxd1+
21. Bxd1 Qa5 22. c3 Rd8 23. Bc2 b5 24. b4 Qa6 25. Kb1 Nc4 26. Ka1 Rd2 27. Bb3
Bd6 28. Qe1 Rd3 29. Bxc4 bxc4 30. Nb2 Be5 31. Nxd3 cxd3 32. Qd2 Qc4 33. Rc1 Kc7
34. f3 Kc8 35. Qb2 Kc7 36. Kb1 Kb6 37. a3 Kb5 38. Ka1 Ka4 39. Qd2 Kxa3 40. Qb2+
Ka4 41. Qd2 Kb5 42. Qb2 Kb6 43. Kb1 Kc7 44. Qa3 a6 45. Qa5+ Kb7 46. Kb2 d2 47.
Qxe5 dxc1=Q+ 48. Kxc1 Qf1+ 49. Kb2 Qe2+ 50. Ka3 Qxf3 51. Qe7+ Kb6 52. Qc5+ Kb7
53. Qe7+ Kb6 54. Qc5+ Kb7 55. Qe7+ Kb6 56. Qc5+ {Game drawn by repetition}
1/2-1/2

[Event "ICS rated bullet match"]
[Site "207.99.83.227"]
[Date "1999.03.24"]
[Round "?"]
[White "Hossa"]
[Black "TDChess"]
[Result "0-1"]
[WhiteElo "2458"]
[BlackElo "2672"]
[Annotator "Crafty v16.6"]
[PlyCount "144"]

{annotating for player Hossa using a scoring margin of +0.10 pawns. search
time limit is 12.00} 1. e4 1... e6 2. d4 d5 3. Nc3 Bb4 4. exd5 exd5 5. Bd3 Nc6
6. Nf3 Qe7+ 7. Be3 Bxc3+ 8. bxc3 Bd7 9. O-O O-O-O 10. Bg5 f6 11. Re1 Qf7 12.
Be3 Nge7 13. Rb1 Nf5 14. Bd2 Rde8 15. Qc1 Rxe1+ 16. Nxe1 Re8 17. Qb2 Nd8 18.
Qa3 Kb8 19. Nf3 g5 20. Qa6 Nd6 21. Be3 g4 22. Ne1 f5 23. g3 Nc8 24. Qa5 Nb6 25.
Bf4 Ne6 26. Ng2 Nxf4 27. Nxf4 Be6 28. Bb5 Re7 29. Rb4 a6 30. Bf1 Bc8 31. Rb1
Rd7 32. Bg2 Rd6 33. Re1 Bd7 34. Re5 Bb5 35. Qb4 Bc4 36. a4 Nc8 37. Qc5 Ne7 38.
Re3 Nc6 39. Re1 Qd7 40. a5 Na7 41. Re5 Qa4 42. Bf1 Qa1 43. Ne2 Rd8 44. Re3 Nc6
45. Re6 h5 46. Kg2 Bb5 47. Rf6 Qd1 48. Re6 Nxa5 49. Qe7 Re8 50. Qxe8+ Bxe8 51.
Rxe8+ Ka7 52. Re7 c6 53. Rh7 Nc4 54. Ng1 Qxc2 55. Bxc4 dxc4 56. Rxh5 a5 57. h3
gxh3+ 58. Nxh3 a4 59. d5 cxd5 60. Nf4 a3 61. Rh1 a2 62. Ra1 Qe4+ 63. f3 Qb1 64.
Rxb1 axb1=Q 65. g4 fxg4 66. Kg3 Qg1+ 67. Kh4 gxf3 68. Nxd5 Qe1+ 69. Kg5 f2 70.
Kf6 f1=Q+ 71. Kg6 Qg3+ 72. Kh6 Qfh3# 0-1

[Event "ICS rated blitz match"]
[Site "207.99.83.227"]
[Date "1999.03.24"]
[Round "?"]
[White "Hossa"]
[Black "Loxnessi"]
[Result "1-0"]
[WhiteElo "2468"]
[BlackElo "2272"]
[PlyCount "51"]

1. e4 Nf6 2. e5 Nd5 3. Nc3 Nxc3 4. dxc3 d6 5. Bf4 Nc6 6. Bb5 Bf5 7. Nf3 g6 8.
Bxc6+ bxc6 9. Nd4 Bd7 10. Qf3 d5 11. e6 fxe6 12. Qg3 c5 13. Bxc7 Qc8 14. Nb3
Qb7 15. Be5 Rg8 16. O-O-O Rc8 17. Qh3 Bg7 18. Qxh7 Kf7 19. Rd3 d4 20. Rf3+ Qxf3
21. gxf3 dxc3 22. Rg1 cxb2+ 23. Kb1 Kf8 24. Qxg6 Be8 25. Bxg7+ Rxg7 26. Qxg7# {
Loxnessi checkmated} 1-0

[Event "ICS rated blitz match"]
[Site "207.99.83.227"]
[Date "1999.03.24"]
[Round "?"]
[White "wboy"]
[Black "Hossa"]
[Result "0-1"]
[WhiteElo "2293"]
[BlackElo "2505"]
[PlyCount "140"]

1. e4 d6 2. d4 Nf6 3. Nc3 c6 4. Nf3 Bg4 5. h3 Bxf3 6. Qxf3 Qb6 7. Qd1 e5 8. d5
Be7 9. Be2 O-O 10. O-O Nbd7 11. a4 Nc5 12. Bf3 Qb4 13. Re1 cxd5 14. exd5 Rac8
15. Qd2 Qh4 16. Qg5 Qxg5 17. Bxg5 Nxd5 18. Bxe7 Nxe7 19. Rad1 Rcd8 20. Bd5 b6
21. b3 Na6 22. Nb5 Nb4 23. c4 Nexd5 24. cxd5 a5 25. Re3 f5 26. Rc3 f4 27. f3 h5
28. Rc7 Rf7 29. Rxf7 Kxf7 30. Kf2 Nc2 31. Rc1 Ne3 32. Rc6 Nxd5 33. Rxd6 Rxd6
34. Nxd6+ Ke6 35. Nc4 h4 36. Ke2 Kf6 37. Kd3 Kf5 38. Nd6+ Ke6 39. Nc4 g5 40.
Ke2 Kf5 41. Kd3 Kf6 42. Ke4 Ke6 43. Kd3 Nb4+ 44. Ke4 Na6 45. Kd3 Nc5+ 46. Kc2
Nd7 47. Kd3 Kd5 48. Nd2 Nc5+ 49. Kc3 e4 50. fxe4+ Nxe4+ 51. Nxe4 Kxe4 52. Kc4
f3 53. gxf3+ Kxf3 54. Kb5 Kg3 55. Kxb6 Kxh3 56. Kxa5 g4 57. b4 g3 58. b5 g2 59.
b6 g1=Q 60. Ka6 Qxb6+ 61. Kxb6 Kg4 62. a5 h3 63. a6 h2 64. a7 h1=Q 65. Kc7 Qa8
66. Kb6 Kf5 67. Ka6 Ke5 68. Kb6 Kd4 69. Ka6 Kc5 70. Ka5 70... Qxa7# {
wboy checkmated} 0-1

[Event "ICS rated blitz match"]
[Site "207.99.83.227"]
[Date "1999.03.24"]
[Round "?"]
[White "Hossa"]
[Black "wboy"]
[Result "1-0"]
[WhiteElo "2512"]
[BlackElo "2286"]
[PlyCount "129"]

1. e4 e6 2. d4 d5 3. Nc3 dxe4 4. Nxe4 Nd7 5. Nf3 Ngf6 6. Nxf6+ Nxf6 7. Bg5 c5
8. Bb5+ Bd7 9. Bxd7+ Qxd7 10. dxc5 Bxc5 11. Bxf6 gxf6 12. Qxd7+ Kxd7 13. O-O-O+
Ke7 14. Rhf1 Rhd8 15. g4 Rxd1+ 16. Kxd1 Rg8 17. h3 h5 18. gxh5 Rh8 19. Ke2 Rxh5
20. Rh1 e5 21. c3 a5 22. a4 Ke6 23. h4 e4 24. Nd2 f5 25. Nb3 Bb6 26. c4 Ke5 27.
Rh3 Kf4 28. c5 Bc7 29. Nd2 Bd8 30. Rb3 Rxh4 31. Rxb7 Rh2 32. Nf1 Rg2 33. Rxf7
Bh4 34. Rxf5+ Kxf5 35. Ne3+ Ke6 36. Nxg2 Bf6 37. Nf4+ Kd7 38. Ke3 Kc6 39. Kxe4
Kxc5 40. b3 Bh4 41. Nd3+ Kb6 42. f4 Bf6 43. f5 Kc6 44. b4 axb4 45. Nxb4+ Kc5
46. Nd3+ Kb6 47. Kd5 Ka5 48. Nc5 Bh8 49. Kc4 Bf6 50. Kb3 Be7 51. Nd7 Bd6 52. f6
Bb4 53. f7 Bd6 54. f8=Q Bxf8 55. Nxf8 Kb6 56. Kb4 Ka6 57. a5 Kb7 58. Kb5 Ka7
59. a6 Kb8 60. Kb6 Ka8 61. Ng6 Kb8 62. Ne7 Ka8 63. Nd5 Kb8 64. a7+ Ka8 65. Nc7#
{wboy checkmated} 1-0

[Event "ICS rated blitz match"]
[Site "207.99.83.227"]
[Date "1999.03.24"]
[Round "?"]
[White "wboy"]
[Black "Hossa"]
[Result "0-1"]
[WhiteElo "2279"]
[BlackElo "2519"]
[PlyCount "68"]

1. d4 Nf6 2. Nf3 e6 3. c4 Be7 4. Nc3 O-O 5. e4 d5 6. e5 Ne4 7. Bd3 Nxc3 8. bxc3
dxc4 9. Bxc4 c5 10. h4 cxd4 11. cxd4 b5 12. Bd3 Bb7 13. Be3 a6 14. Ke2 Bxf3+
15. gxf3 Nd7 16. Qg1 Kh8 17. h5 h6 18. Qc1 Rc8 19. Qd2 f6 20. Bxh6 fxe5 21.
Bxg7+ Kxg7 22. Rag1+ Kf7 23. Bg6+ Kg7 24. Be8+ Kh7 25. Qd3+ Kh8 26. Qg6 Bg5 27.
Rxg5 Qf6 28. Qxf6+ Nxf6 29. Bg6 exd4 30. Bd3 Nd5 31. Re5 Nf4+ 32. Kd2 Nxd3 33.
Kxd3 Rxf3+ 34. Kxd4 34... Rc4# {wboy checkmated} 0-1

[Event "ICS rated bullet match"]
[Site "207.99.83.227"]
[Date "1999.03.24"]
[Round "?"]
[White "TDChess"]
[Black "Hossa"]
[Result "1-0"]
[WhiteElo "2665"]
[BlackElo "2451"]
[Annotator "Crafty v16.6"]
[PlyCount "77"]

{annotating for player Hossa using a scoring margin of +0.10 pawns. search
time limit is 12.00} 1. Nf3 1... Nc6 2. e4 Nf6 3. e5 Ng4 4. d4 d6 5. Bb5 dxe5
6. h3 e4 7. hxg4 exf3 8. Bxc6+ bxc6 9. Qxf3 Bb7 10. Be3 Rb8 ({9:-0.49} 10...
Rb8 11. Nc3 e6 12. O-O-O Bb4 13. Rd3 O-O 14. Qe4 14... h6 $14) ({9:-0.26} 10...
e6 11. Nd2 Qd5 12. Rh5 Qxf3 13. Nxf3 Bb4+ 14. Bd2 Be7 15. Ng5 15... Rd8 $10)
11. Nc3 e6 12. O-O-O Bb4 13. Ne4 O-O ({8:-0.99} 13... O-O 14. Nc5 Bxc5 15. dxc5
Qe7 16. Qe4 h6 17. Kb1 17... Rfd8 $16) ({8:-0.69} 13... Qd5 14. Ng5 Qxf3 15.
gxf3 h6 16. Bd2 c5 17. dxc5 Bxc5 18. Bf4 $14) 14. Nc5 Qd5 ({8:-1.89} 14... Qd5
15. Qxd5 cxd5 16. Nd7 Bc6 17. Nxf8 Rxf8 18. Bf4 18... Rc8 $18) ({8:-1.34} 14...
Bc8 15. Qxc6 Bxc5 16. Qxc5 Bb7 17. Bf4 Rc8 18. Qh5 18... Be4 $16) 15. Qxd5 cxd5
16. Nd7 Bc6 17. Nxf8 Bxf8 18. Rh3 Rb7 19. Rdh1 h6 20. g5 Rb4 21. gxh6 gxh6 22.
c3 Ra4 23. Kb1 Bd6 24. Rxh6 Bb5 25. Bg5 Bd3+ 26. Ka1 Kf8 27. f3 Bc4 28. Rh8+
Kg7 29. R1h6 Rxa2+ 30. Kb1 f5 31. Bf6+ Kf7 32. R8h7+ Ke8 33. Rg7 Bf8 34. Rh8
Bd3+ 35. Kxa2 Bc4+ 36. b3 Bxb3+ 37. Kxb3 f4 38. Re7+ Kd8 39. Rxf8# 1-0

[Event "ICS rated bullet match"]
[Site "207.99.83.227"]
[Date "1999.03.24"]
[Round "?"]
[White "Hossa"]
[Black "TDChess"]
[Result "0-1"]
[WhiteElo "2444"]
[BlackElo "2672"]
[Annotator "Crafty v16.6"]
[PlyCount "76"]

{annotating for player Hossa using a scoring margin of +0.10 pawns. search
time limit is 12.00} 1. e4 1... e6 2. d4 d5 3. Nc3 Bb4 4. exd5 exd5 5. Bd3 Nc6
6. Nge2 ({8:-0.09} 6. Nge2 6... Nge7 7. O-O O-O 8. Bg5 Re8 9. Re1 9... Bg4 $10)
({8:+0.05} 6. Nf3 6... Nge7 7. O-O O-O 8. Re1 Be6 9. Bg5 9... Re8 $10) 6... Bg4
7. a3 ({8:-0.12} 7. a3 7... Bxc3+ 8. bxc3 Nf6 9. O-O O-O 10. Rb1 Rb8 11. Bg5
11... Re8 $10) ({8:+0.05} 7. f3 7... Be6 8. O-O Nf6 9. a3 Bxc3 10. Nxc3 O-O 11.
Be3 $10) 7... Bxc3+ 8. bxc3 Qh4 9. O-O O-O-O 10. Re1 ({8:+0.00} 10. Re1 10...
Nf6 11. Qd2 Rde8 12. Qf4 Kb8 13. Qg5 Qxg5 14. Bxg5 $10) ({8:+0.18} 10. Qd2
10... Nh6 11. Qg5 Qxg5 12. Bxg5 Bxe2 13. Bxe2 Rd6 14. Rae1 14... Re8 $10) 10...
Nf6 11. Be3 ({9:+0.07} 11. Be3 11... Rde8 12. Qd2 Bxe2 13. Qxe2 Kb8 14. Bf5 Ne4
15. c4 15... Ne7 $10) ({9:+0.83} 11. f3 11... Bh5 12. Nf4 Ne4 13. Bxe4 dxe4 14.
Nxh5 exf3 15. Ng3 fxg2 16. Kxg2 16... Rhf8 $16) 11... Bd7 12. f3 Nh5 13. Qc1 h6
14. Bf2 Qg5 15. f4 ({8:+0.03} 15. f4 15... Qf6 16. c4 dxc4 17. Bxc4 Bg4 18. Be3
Qh4 19. Qd2 $10) ({8:+0.43} 15. c4 15... dxc4 16. Bxc4 Be6 17. Be3 Qh4 18. Bb5
Bd5 19. c4 $14) 15... Qf6 16. Rb1 Rde8 17. Qb2 Na5 18. Qb4 b6 19. Ba6+ Kd8 20.
g3 Bf5 21. Bb5 c6 22. Bd3 Kc8 23. Rb2 Bxd3 24. cxd3 Qg6 25. Rd2 Nf6 26. Qd6 h5
27. Kh1 Re6 28. Qb4 Ng4 29. Bg1 Nc4 30. Rdd1 Rhe8 31. h3 Qf5 32. hxg4 Qxg4 33.
Bf2 Qf3+ 34. Kg1 a5 35. Qb1 Rxe2 36. Rxe2 Rxe2 37. Rf1 Ne3 38. Bxe3 Qg2# 0-1

[Event "ICS rated bullet match"]
[Site "207.99.83.227"]
[Date "1999.03.24"]
[Round "?"]
[White "Lapinounou"]
[Black "Hossa"]
[Result "0-1"]
[WhiteElo "2151"]
[BlackElo "2437"]
[PlyCount "50"]

1. e4 e5 2. Bc4 Nc6 3. d3 Nf6 4. Nc3 Bc5 5. f3 Na5 6. Nge2 Nxc4 7. dxc4 O-O 8.
Bg5 Be7 9. Qd2 d6 10. O-O-O Be6 11. Bxf6 Bxf6 12. Nd5 Bg5 13. f4 exf4 14. h4
Bxh4 15. Nexf4 Bg5 16. Kb1 c6 17. Rxh7 Kxh7 18. Rh1+ Kg8 19. Qe2 cxd5 20. Qh5
Bh6 21. g4 dxc4 22. Nh3 c3 23. g5 Qa5 24. Nf4 Qxa2+ 25. Kc1 25... Qa1# {
Lapinounou checkmated} 0-1

[Event "ICS rated blitz match"]
[Site "207.99.83.227"]
[Date "1999.03.24"]
[Round "?"]
[White "Hossa"]
[Black "Speedy"]
[Result "1-0"]
[WhiteElo "2523"]
[BlackElo "2273"]
[PlyCount "55"]

1. e4 c5 2. Bc4 a6 3. Nc3 b5 4. Bxf7+ Kxf7 5. Qh5+ g6 6. Qd5+ e6 7. Qxa8 Nc6 8.
Nf3 Qc7 9. d3 b4 10. Ne2 h6 11. Bf4 d6 12. e5 Bb7 13. exd6 Qb6 14. Ne5+ Nxe5
15. Qxf8+ Kxf8 16. Bxe5 Rh7 17. O-O Nf6 18. Bxf6 Rf7 19. Be5 g5 20. Ng3 Qc6 21.
f3 Qd5 22. Rae1 Ke8 23. Nh5 Kd8 24. Nf6 Qc6 25. Re2 a5 26. Ng8 Qd5 27. b3 Rf8
28. Ne7 {Speedy resigns} 1-0